000 00406nam a22001697a 4500
003 MPLRDC
005 20220104123927.0
008 210129b ||||| |||| 00| 0 eng d
082 _a733.8 XHS
100 _a夏侯深
245 _a港事知多少
_c
250 _a初版
260 _a
_b天地图书有限公司
_c1988
300 _b
650 _a东亚诸岛屿--香港
942 _cBK
_o733.8 XHS
999 _c15288
_d15278